zpět

Detail výsledku týmu

The Pub Praha 2 ČT, Praha

Datum a čas kvízu

26 Celkem bodů Celkový počet nahraných bodů na tomto kvízu bez doplňovacích otázek.
12. Pořadí na kvízu Konečné umístění týmu na tomto kvízu.

Zaznamenané odpovědi

# Otázka Odpověď Body Výsledky
1. Která česká politická strana p... ODS 1
2. Několika desítkám jedinců jist... o lachtanech 0
3. Legendární britská hudební sku... Pink Floyd 1
4. Europoslanci vyslyšeli volání... množství vypuštěných emisí 0
5. V pražské O<sub>2</sub> Areně... z Mladé Boleslavi 1
6. Největší českou brankářskou le... v Pardubicích 1
7. Brankář hraje důležitou roli i... v Irsku 0
8. Napište jméno jednoho z nejlep... Martin Galia 0
9. Český reprezentační florbalový... Lukáš Bauer 0
10. Přiřaďte správně jména fotbalo... 1B 2C 3A 4D 1